| 000 -LEADER |
| fixed length control field |
01279 a2200229 4500 |
| 003 - CONTROL NUMBER IDENTIFIER |
| control field |
Nust |
| 005 - DATE AND TIME OF LATEST TRANSACTION |
| control field |
20220802175609.0 |
| 010 ## - LIBRARY OF CONGRESS CONTROL NUMBER |
| LC control number |
2004040908 |
| 020 ## - INTERNATIONAL STANDARD BOOK NUMBER |
| International Standard Book Number |
0471476609 (cloth : acid-free paper) |
| 040 ## - CATALOGING SOURCE |
| Transcribing agency |
Nust |
| 082 00 - DEWEY DECIMAL CLASSIFICATION NUMBER |
| Classification number |
621.366,CSE |
| 100 1# - MAIN ENTRY--PERSONAL NAME |
| Personal name |
Csele, Mark. |
| 9 (RLIN) |
96349 |
| 245 10 - TITLE STATEMENT |
| Title |
Fundamentals of light sources and lasers / |
| Statement of responsibility, etc. |
Mark Csele. |
| 260 ## - PUBLICATION, DISTRIBUTION, ETC. |
| Place of publication, distribution, etc. |
Hoboken, N.J. : |
| Name of publisher, distributor, etc. |
J. Wiley, |
| Date of publication, distribution, etc. |
c2004. |
| 300 ## - PHYSICAL DESCRIPTION |
| Extent |
xvi, 344 p. : |
| Other physical details |
ill. ; |
| Dimensions |
24 cm. |
| 505 ## - FORMATTED CONTENTS NOTE |
| Formatted contents note |
Light And Blackbody Emission (Page-1), Atomic Emission (Page-21), Quantum Mechanics (Page-49), Lasing Processes (Page-83), Lasing Transitions And Gain (Page-117), Cavity Optics (Page-159), Fast-Pulse Production (Page-193), Nonlinear Optics (Page-219), Visible Gas Lasers (Page-235), UV Gas Lasers (Page -261), Infrared Gas Lasers (Page-283), Solid State Lasers (Page-295), Semiconductor Lasers (Page-313), Tunable Dye Lasers (Page-327). |
| 650 #0 - SUBJECT ADDED ENTRY--TOPICAL TERM |
| Topical term or geographic name entry element |
Telecommunication Engineering. |
| 856 42 - ELECTRONIC LOCATION AND ACCESS |
| Materials specified |
Contributor biographical information |
| Uniform Resource Identifier |
<a href="http://www.loc.gov/catdir/enhancements/fy0617/2004040908-b.html">http://www.loc.gov/catdir/enhancements/fy0617/2004040908-b.html</a> |
| 856 42 - ELECTRONIC LOCATION AND ACCESS |
| Materials specified |
Publisher description |
| Uniform Resource Identifier |
<a href="http://www.loc.gov/catdir/description/wiley042/2004040908.html">http://www.loc.gov/catdir/description/wiley042/2004040908.html</a> |
| 856 42 - ELECTRONIC LOCATION AND ACCESS |
| Materials specified |
Table of contents only |
| Uniform Resource Identifier |
<a href="http://www.loc.gov/catdir/toc/wiley041/2004040908.html">http://www.loc.gov/catdir/toc/wiley041/2004040908.html</a> |
| 942 ## - ADDED ENTRY ELEMENTS (KOHA) |
| Koha item type |
Reference |
| Source of classification or shelving scheme |
|